Общая физика. Нетрадиционный курс. Избранные лекции: учебное пособие

Bibliografiske detaljer
Hovedforfatter: Вайсбурд Д. И. Давид Израйлевич
Institution som forfatter: Национальный исследовательский Томский политехнический университет (ТПУ)
Andre forfattere: Тюрин Ю. И. (редактор), Пичугин В. Ф. Владимир Федорович, Сивов Ю. А. Юрий Александрович
Summary:Заглавие с титульного экрана
Электронная версия печатной публикации
Пособие включает избранные лекции Д.И. Вайсбурда по первой и третьей частям нетрадиционного курса общей физики. В лекциях первой части курса рассматриваются первые четыре ступени иерархической структуры материи: фундаментальные частицы – бозоны и фермионы; элементарные частицы, состоящие из кварков – адроны; ядра; атомы. В лекциях третьей части курса рассматривается преимущественно электромагнитное взаимодействие, играющее доминирующую роль в таких ступенях иерархической структуры материи как атомы; молекулы; газы; конденсированные вещества – жидкости и твердые тела. Для студентов и преподавателей физики технических университетов
Sprog:russisk
Udgivet: Томск, Изд-во ТПУ, 2010
Fag:
Online adgang:http://www.lib.tpu.ru/fulltext/m/2010/m28.pdf
Format: MixedMaterials Electronisk Bog
KOHA link:https://koha.lib.tpu.ru/cgi-bin/koha/opac-detail.pl?biblionumber=185286

MARC

LEADER 00000nlm0a2200000 4500
001 185286
005 20231101223916.0
035 |a (RuTPU)RU\TPU\book\200971 
090 |a 185286 
100 |a 20101006d2010 k y0rusy50 ca 
101 0 |a rus 
102 |a RU 
105 |a a j 001zy 
135 |a drcn ---uucaa 
181 0 |a i  
182 0 |a b 
200 1 |a Общая физика. Нетрадиционный курс. Избранные лекции  |b Электронный ресурс  |e учебное пособие  |f Д. И. Вайсбурд  |g Национальный исследовательский Томский политехнический университет (ТПУ) ; под ред. Ю. И. Тюрина, В. Ф. Пичугина, Ю. А. Сивова 
203 |a Текст  |c электронный 
210 |a Томск  |c Изд-во ТПУ  |d 2010 
230 |a 1 компьютерный файл (pdf; 3.0 MB) 
300 |a Заглавие с титульного экрана 
300 |a Электронная версия печатной публикации 
330 |a Пособие включает избранные лекции Д.И. Вайсбурда по первой и третьей частям нетрадиционного курса общей физики. В лекциях первой части курса рассматриваются первые четыре ступени иерархической структуры материи: фундаментальные частицы – бозоны и фермионы; элементарные частицы, состоящие из кварков – адроны; ядра; атомы. В лекциях третьей части курса рассматривается преимущественно электромагнитное взаимодействие, играющее доминирующую роль в таких ступенях иерархической структуры материи как атомы; молекулы; газы; конденсированные вещества – жидкости и твердые тела. Для студентов и преподавателей физики технических университетов 
337 |a Adobe Acrobat 
606 1 |a Физика  |2 stltpush  |3 (RuTPU)RU\TPU\subj\63709  |9 80688 
610 1 |a оптика 
610 1 |a элементарные частицы 
610 1 |a переменный ток 
610 1 |a труды учёных ТПУ 
610 1 |a электронный ресурс 
675 |a 53(075.8)  |v 3 
700 1 |a Вайсбурд  |b Д. И.  |c российский ученый, физик  |c профессор, директор Центра новых технологий Томского политехнического университета  |f 1937-  |g Давид Израйлевич  |2 stltpush  |3 (RuTPU)RU\TPU\pers\19773 
702 1 |a Тюрин  |b Ю. И.  |4 340 
702 1 |a Пичугин  |b В. Ф.  |c российский физик  |c профессор Томского политехнического университета, доктор физико-математических наук  |f 1944-  |g Владимир Федорович  |2 stltpush  |3 (RuTPU)RU\TPU\pers\25824  |4 340 
702 1 |a Сивов  |b Ю. А.  |c физик  |c доцент Томского политехнического университета, кандидат физико-математических наук  |f 1938-  |g Юрий Александрович  |2 stltpush  |3 (RuTPU)RU\TPU\pers\27962  |4 340 
712 0 2 |a Национальный исследовательский Томский политехнический университет (ТПУ)  |c (2009- )  |2 stltpush  |3 (RuTPU)RU\TPU\col\15902 
801 1 |a RU  |b 63413507  |c 20050315  |g PSBO 
801 2 |a RU  |b 63413507  |c 20141021  |g PSBO 
856 4 |u http://www.lib.tpu.ru/fulltext/m/2010/m28.pdf 
942 |c CF